000
00325nam a2200133Ia 4500
008
230312s9999||||xx |||||||||||||| ||und||
020
_a
978-0170-182393
082
_a
808.06665
_b
EME-W
100
_a
Emerson;Lisa
245
0
_a
Writing Guidelines for Business Students
300
_a
128
650
_a
Management
942
_c
BK
999
_c
14834
_d
14834